000
00319nam a2200121Ia 4500
008
220216s9999 xx 000 0 und d
100
_a
Cox W F V
245
0
_a
Rubber roadways; their advisability and practicability
260
_b
IRI Transactions
_c
1932
300
_a
345-363
650
_a
Rubberised road
942
_c
JS
999
_c
67974
_d
67974